| Tag |
First Indicator |
Second Indicator |
Subfields |
| LEADER |
00000pam a2200000 a 4500 |
| 001 |
in00000092150 |
| 005 |
20150923131927.0 |
| 008 |
810720s1982 nyu b 00010 eng |
| 010 |
|
|
|a 81012205
|
| 020 |
|
|
|a 0231053541 :
|c $18.50 (est.)
|
| 035 |
|
|
|a (OCoLC)07672424
|
| 035 |
|
|
|9 AAK7228AM
|
| 039 |
0 |
|
|a 2
|b 3
|c 3
|d 3
|e 3
|
| 040 |
|
|
|a DLC
|c DLC
|d TXA
|d UtOrBLW
|
| 043 |
|
|
|a e------
|
| 049 |
|
|
|a TXAM
|c [1482141]
|
| 050 |
0 |
0 |
|a PN1303
|b J3
|
| 082 |
0 |
|
|a 809.1/3
|2 19
|
| 100 |
1 |
|
|a Jackson, W. T. H.
|q (William Thomas Hobdell),
|d 1915-
|
| 245 |
1 |
4 |
|a The hero and the king :
|b an epic theme /
|c W.T.H. Jackson.
|
| 264 |
|
1 |
|a New York :
|b Columbia University Press,
|c 1982.
|
| 300 |
|
|
|a viii, 141 pages ;
|c 22 cm.
|
| 336 |
|
|
|a text
|b txt
|2 rdacontent
|
| 337 |
|
|
|a unmediated
|b n
|2 rdamedia
|
| 338 |
|
|
|a volume
|b nc
|2 rdacarrier
|
| 504 |
|
|
|a Bibliography: pages [139]-141.
|
| 650 |
|
0 |
|a Epic poetry, European
|x History and criticism.
|
| 650 |
|
0 |
|a Heroes in literature.
|
| 650 |
|
0 |
|a Kings and rulers in literature.
|
| 999 |
|
|
|a MARS
|
| 999 |
f |
f |
|s 1a462717-0701-3ea8-abb2-d847c2480149
|i 5d69922b-96dd-3601-b051-2696131c609d
|t 0
|
| 952 |
f |
f |
|p ric
|a Texas A&M University
|b Rellis Campus
|c Joint Library Facility
|d Remote Storage
|t 0
|e PN1303 J3
|h Library of Congress classification
|i unmediated -- volume
|m A14805991342
|
| 998 |
f |
f |
|a PN1303 J3
|t 0
|l Remote Storage
|